• 首页
  • 本馆介绍
  • 公告通知
  • 最新文献
  • 馆藏检索
  • 电子资源
  • 读者导购
  • 参考咨询
  • 我的图书馆
  • 登录
  • 详细信息显示
  • 放入我的书架
  • 预约/预借图书
  • 作者相关作品
  • 分类相关作品
  • 丛书相关作品
  • 出版社相关作品

书目信息

  • 表格格式
  • 工作单格式
  • 卡片格式
题名:
产业集群发展与创业人才孵化
    
 
作者: 胡蓓 , 陈芳 著
分册:  
出版信息: 北京   科学出版社  2013
页数: 273页
开本: 24cm
丛书名: 华中科技大学管理研究丛书
单 册:
中图分类: F062.9 , F263
科图分类:
主题词: 产业经济学--关系--产业经济--人才培养--研究 , 产业经济学 , 产业经济 , 人才培养
电子资源:
ISBN: 978-7-03-036316-9
000 01260nam0 2200325 450
001 523
005 20140908151023.93
010    @a978-7-03-036316-9@dCNY68.00
100    @a20130131d2013 em y0chiy50 ea
101 0  @achi
102    @aCN@b110000
105    @ay z 000yy
106    @ar
200 1  @a产业集群发展与创业人才孵化@AChan Ye Ji Qun Fa Zhan Yu Chuang Ye Ren Cai Fu Hua@f胡蓓,陈芳著@FHu Bei, Chen Fang Zhu
210    @a北京@c科学出版社@d2013
215    @a273页@d24cm
225 2  @a华中科技大学管理研究丛书
300    @a国家自然科学基金项目 华中科技大学管理学院出版基金 资助出版
330    @a本书阐释了产业集群的创业人才孵化效应,构建了产业集群创业人才孵化系统的功能结构模型,揭示了产业集群创业孵化环境与创业绩效的关系;探讨了产业集群创业人才孵化机理,构建了产业集群创业人才孵化链模型并分析其运行模式,产业集群创业人才孵化主体间的互动和协调机理。
461  0 @12001 @a华中科技大学管理研究丛书
606 0  @a产业经济学@x关系@x产业经济@x人才培养@x研究
606 0  @a产业经济学
606 0  @a产业经济
606 0  @a人才培养
690    @aF062.9@v5
690    @aF263@v5
701  0 @a胡蓓@AHu Bei@c(女,@f1954~)@4著
701  0 @a陈芳@AChen Fang@c(管理学)@4著
801  0 @aCN@bTANGWEI@c20140603
905    @b0839773-75@dF062.9@e128@f3
    
    产业集群发展与创业人才孵化/胡蓓,陈芳著.-北京:科学出版社,2013
    273页;24cm.-(华中科技大学管理研究丛书)
    国家自然科学基金项目 华中科技大学管理学院出版基金 资助出版
    
    ISBN 978-7-03-036316-9:CNY68.00
    本书阐释了产业集群的创业人才孵化效应,构建了产业集群创业人才孵化系统的功能结构模型,揭示了产业集群创业孵化环境与创业绩效的关系;探讨了产业集群创业人才孵化机理,构建了产业集群创业人才孵化链模型并分析其运行模式,产业集群创业人才孵化主体间的互动和协调机理。
●
相关链接 在E读中查询图书 在五车中查询图书 在当当中查询图书 在豆瓣中查询图书


正题名:产业集群发展与创业人才孵化     索取号:F062.9/128         预约/预借

序号 登录号 条形码 馆藏地/架位号 状态 备注
1 0839773   208397732   第一样本阅览室/ [索取号:F062.9/128] 在馆    
2 0839774   208397741   第一借阅区/ [索取号:F062.9/128] 在馆    
3 0839775   208397750   第一借阅区/ [索取号:F062.9/128] 在馆    
唐山师范学院图书馆 欢迎您!
大连网信软件有限公司© 版权所有